000 00614nam a2200205Ia 4500
005 20250508154859.0
008 008 250505s9999 xx 000 0 eng d
037 _aTextual
040 _aFEDL
_beng
_cFEDL
041 _aeng
_2eng
084 _a370.15, MAC
_qFEDL
100 _aMacGinitie Walter H.
_9766292
245 0 _aReadings in psychological foundations of education
260 _aNew York, USA
_bMcGraw-Hill Book Company
_c1968
300 _aviii,308p
650 _aEducation - Psychology
700 _a Ball Samuel
_9766293
942 _cTEXL
_h370.15, MAC
999 _c1352594
_d1352594